000
00198 a2200097 4500
001
7976
100
_a
Degarille, C
245
_a
The edge of the sword
260
_a
_b
Faber
_c
090
_c
6386
_d
6386
942
_a
NUST-CAE
_c
M
_c
32918
999
_c
243049
_d
243049